000
00305nam a22001337a 4500
008
190227b xxu||||| |||| 00| 0 eng d
020
_a
9780880487542
041
_a
eng
080
_a
618
100
_a
10
101
_a
GJIN
245
_a
A Clinician's guide to menopause
_c
Steward,D.E
942
_2
udc
_c
BK
999
_c
54341
_d
54341